[Event "Chigorin Memorial"]
[Site "St Petersburg RUS"]
[Date "2012.10.28"]
[Round "2.165"]
[White "Kartsev, Evgeni"]
[Black "Stoliarenko, Ivan"]
[Result "0-1"]
[WhiteElo "2070"]
[BlackElo "1673"]
[WhiteFideId "24162469"]
[BlackFideId "24199591"]
[EventDate "2012.10.27"]

1. Nf3 Nf6 2. g3 g6 3. Bg2 Bg7 4. O-O d5 5. d3 c5 6. c3 Nc6 7. Qa4 O-O 8. Be3
Nd7 9. Qh4 e5 10. Bg5 f6 11. Bh6 d4 12. Nbd2 Ne7 13. g4 g5 14. Qh5 Ng6 15. e3
Nb6 16. Bxg5 fxg5 17. Nxg5 h6 18. Nge4 dxc3 19. bxc3 Ne7 20. Nxc5 Ned5 21. Nde4
Qe8 22. Qxe8 Rxe8 23. h3 Bf8 24. Nb3 Kg7 25. a3 Be6 26. c4 Nf6 27. Nxf6 Kxf6 28.
Bxb7 Rab8 29. Na5 Kg5 30. Be4 Kh4 31. Kg2 h5 32. Nc6 hxg4 33. hxg4 Bxg4 34. Rh1+
Kg5 35. Nxb8 Rxb8 36. Rh7 a5 37. Kg3 Bf5 38. Bxf5 Kxf5 39. Rh8 e4 40. dxe4+ Kxe4
41. Rh4+ Kd3 42. Rd4+ Kc2 43. Kf3 Bg7 44. Ra2+ Kb3 45. Rdd2 Nxc4 46. Re2 Bb2 47.
Rexb2+ Nxb2 48. Ra1 Rf8+ 49. Ke2 Nc4 50. a4 Nb2 51. Rb1 Ka2 52. Rc1 Nxa4 53. e4
Kb2 54. Rc6 Nc3+ 55. Kd3 Rf3+ 56. Kd4 a4 57. Rb6+ Kc2 58. e5 a3 59. Rf6 Rd3+ 60.
Kc4 a2 61. Ra6 Rd1 62. f4 Rf1 63. e6 Rxf4+ 64. Kc5 0-1

[Event "Chigorin Memorial"]
[Site "St Petersburg RUS"]
[Date "2012.10.28"]
[Round "2.166"]
[White "Elizarova, Taisia"]
[Black "Suvorov, Aleksandr"]
[Result "0-1"]
[WhiteElo "1663"]
[BlackElo "2065"]
[WhiteFideId "24128350"]
[BlackFideId "24140953"]
[EventDate "2012.10.27"]

1. d4 Nf6 2. c4 e6 3. g3 c5 4. Nf3 cxd4 5. Nxd4 Nc6 6. Bg2 Bb4+ 7. Nc3 O-O 8.
O-O d5 9. Nxc6 bxc6 10. Qc2 Ba6 11. b3 Rc8 12. a3 Bd6 13. Na2 Be5 14. Rb1 c5 15.
Rd1 d4 16. e3 Ng4 17. h3 Nh6 18. exd4 Bxd4 19. Bxh6 gxh6 20. Nc3 Qg5 21. Ne4 Qg6
22. Qd3 Rfd8 23. Qf3 Kg7 24. Qg4 Bb7 25. Nf6 Bxg2 26. Nh5+ Kf8 27. Kxg2 f5 28.
Qxg6 hxg6 29. Nf4 Kf7 30. Re1 Re8 31. h4 g5 32. hxg5 hxg5 33. Ne2 e5 34. Rh1 Kg6
35. f3 e4 36. fxe4 fxe4 37. b4 Rf8 38. Rhf1 Rxf1 39. Rxf1 Be3 40. b5 Rd8 41. Nc3
Rd4 42. Nd5 Rd2+ 43. Kh3 Bf2 44. b6 axb6 45. Rb1 e3 46. Rxb6+ Kf5 47. Nxe3+ Bxe3
48. g4+ Ke5 49. a4 Bf4 0-1

[Event "Chigorin Memorial"]
[Site "St Petersburg RUS"]
[Date "2012.10.28"]
[Round "2.167"]
[White "Ivanov, Sergei V."]
[Black "Zhivotovskaya, Asya"]
[Result "1-0"]
[WhiteElo "2060"]
[BlackElo "1660"]
[WhiteFideId "24170003"]
[BlackFideId "24166014"]
[EventDate "2012.10.27"]

1. f4 d5 2. Nf3 Nf6 3. g3 g6 4. Bg2 Bg7 5. O-O O-O 6. d3 c5 7. Nc3 d4 8. Ne4
Nbd7 9. Nf2 Qc7 10. Bd2 Nb6 11. c4 Nfd7 12. a4 a5 13. Qe1 e5 14. fxe5 Nxe5 15.
Nxe5 Qxe5 16. Bxa5 Nd7 17. Bd2 Re8 18. Bf3 f5 19. Bf4 Qe7 20. Qd2 Ne5 21. Bd5+
Kh8 22. b3 Bf6 23. h4 Ra7 24. Ra2 b6 25. b4 Bd7 26. a5 bxa5 27. b5 Qd6 28. Rxa5
Rxa5 29. Qxa5 Bd8 30. Qa6 Qb8 31. Rb1 Bb6 32. Ra1 Qd8 33. Bg5 1-0

[Event "Chigorin Memorial"]
[Site "St Petersburg RUS"]
[Date "2012.10.28"]
[Round "2.168"]
[White "Demura, Anna"]
[Black "Rudakov, Aleksandr"]
[Result "0-1"]
[WhiteElo "1652"]
[BlackElo "2060"]
[WhiteFideId "24167142"]
[BlackFideId "24135763"]
[EventDate "2012.10.27"]

1. e4 g6 2. d4 Bg7 3. Nf3 d6 4. Nc3 c6 5. Be3 Nf6 6. Be2 O-O 7. O-O b5 8. a3 Qc7
9. d5 cxd5 10. Nxb5 Qb7 11. exd5 Nxd5 12. Bd4 a6 13. Bxg7 Kxg7 14. Nc3 Nxc3 15.
Qd4+ e5 16. Qxc3 Be6 17. b3 Nc6 18. Rad1 Rfd8 19. Rd2 f6 20. Rfd1 d5 21. Qb2 a5
22. a4 Qb6 23. h3 Rac8 24. Bb5 Qc5 25. c3 Rc7 26. Kf1 Rb8 27. Rb1 Na7 28. Be2
Qxc3 29. Qxc3 Rxc3 30. Rdb2 Nc6 31. Bb5 Nb4 32. Rd2 Bxh3 33. Nxe5 Bf5 34. Nd3
Nxd3 35. Bxd3 Bxd3+ 36. Ke1 Bxb1 0-1

[Event "Chigorin Memorial"]
[Site "St Petersburg RUS"]
[Date "2012.10.28"]
[Round "2.169"]
[White "Grigorjev, Iljya"]
[Black "Gantsevich, Aleksey A."]
[Result "1-0"]
[WhiteElo "2053"]
[BlackElo "1626"]
[WhiteFideId "24159565"]
[BlackFideId "24195863"]
[EventDate "2012.10.27"]

1. e4 c5 2. Nf3 d6 3. c3 Nf6 4. Be2 Nc6 5. d3 e6 6. O-O Be7 7. Re1 O-O 8. Bf1
Bd7 9. d4 cxd4 10. cxd4 Rc8 11. Nc3 Re8 12. Bf4 Nh5 13. Be3 Nf6 14. h3 Bf8 15.
Bf4 Qb6 16. Qd2 e5 17. dxe5 dxe5 18. Bg5 Nd4 19. Bxf6 Nxf3+ 20. gxf3 Qxf6 21.
Qxd7 Bc5 22. Qg4 Qb6 23. Re2 Re6 24. Bg2 Rd8 25. Nd5 Qb5 26. Rd2 Rc8 27. Rad1
Rcc6 28. Nf6+ Rxf6 29. Rd8+ Bf8 30. Rxf8+ 1-0

[Event "Chigorin Memorial"]
[Site "St Petersburg RUS"]
[Date "2012.10.28"]
[Round "2.170"]
[White "Panov, Konstantin"]
[Black "Potyavin, Igor"]
[Result "0-1"]
[WhiteElo "1607"]
[BlackElo "2049"]
[WhiteFideId "34115223"]
[BlackFideId "4188233"]
[EventDate "2012.10.27"]

1. Nf3 Nf6 2. g3 d5 3. c4 c6 4. b3 g6 5. Bb2 Bg7 6. Bg2 O-O 7. O-O h6 8. d3 Nbd7
9. Nc3 Re8 10. d4 e6 11. Qc2 b6 12. Rfe1 Bb7 13. e4 dxe4 14. Nxe4 Nxe4 15. Rxe4
c5 16. Re2 Qc7 17. Rae1 cxd4 18. Bxd4 Bxd4 19. Nxd4 Bxg2 20. Kxg2 a6 21. Nf3 Qc6
22. Qe4 Rac8 23. Qxc6 Rxc6 24. Ne5 Nxe5 25. Rxe5 Rd8 26. h4 h5 27. Kf3 Kg7 28.
R5e3 a5 29. a4 Kf6 30. Re5 Rd3+ 31. R1e3 Rxb3 32. Rxb3 Kxe5 33. Rb5+ Kf6 34. c5
Rxc5 35. Rxb6 Rc4 36. Ra6 Rxa4 37. Ra7 e5 38. Ke3 Ke6 39. Kf3 f6 40. Ra6+ Kf5
41. Rb6 Ra3+ 42. Kg2 Ra2 43. Rb5 a4 44. Ra5 g5 45. hxg5 Kxg5 46. Ra6 e4 47. Ra5+
Kg4 48. Kf1 a3 49. Ra6 Kg5 50. Ra5+ f5 51. Ra8 Ra1+ 52. Kg2 Ra2 53. Kf1 Kg4 54.
Kg2 f4 55. Rg8+ Kf5 56. Rf8+ Kg6 57. Rxf4 e3 58. Kf1 Rxf2+ 0-1

[Event "Chigorin Memorial"]
[Site "St Petersburg RUS"]
[Date "2012.10.28"]
[Round "2.171"]
[White "Koshil, Tikhon"]
[Black "Gantsevich, Dmitry"]
[Result "1-0"]
[WhiteElo "2048"]
[BlackElo "1546"]
[WhiteFideId "4126637"]
[BlackFideId "24162582"]
[EventDate "2012.10.27"]

1. d4 Nf6 2. c4 g6 3. Nc3 Bg7 4. e4 d6 5. Be2 O-O 6. Bg5 Na6 7. Nf3 Qe8 8. O-O
e5 9. d5 Nc5 10. Nd2 a5 11. g4 Nfd7 12. Nb5 Na6 13. a3 f5 14. f3 Nf6 15. b4 fxg4
16. fxg4 Qd7 17. h3 c6 18. Nc3 Qc7 19. Be3 Bd7 20. Rb1 axb4 21. axb4 c5 22. b5
Nb4 23. Kh2 Ra3 24. Nb3 Rfa8 25. g5 Ne8 26. Bf3 Na2 27. Nxa2 Rxa2+ 28. Bg2 Qc8
29. Qf3 Kh8 30. Nd2 R8a3 31. Rf2 Ra1 32. Rxa1 Rxa1 33. Qf7 Nc7 34. Qe7 Ra3 35.
Nf1 Rc3 36. Rf7 Rc2 37. Qxd7 Qa8 38. Rxg7 Rxg2+ 39. Kxg2 Qa2+ 40. Kg3 1-0

[Event "Chigorin Memorial"]
[Site "St Petersburg RUS"]
[Date "2012.10.28"]
[Round "2.172"]
[White "Biyachuev, Minkail"]
[Black "Gantsevich, Aleksei"]
[Result "0-1"]
[WhiteElo "1574"]
[BlackElo "2046"]
[WhiteFideId "34120065"]
[BlackFideId "24131610"]
[EventDate "2012.10.27"]

1. e4 d6 2. Nf3 Nf6 3. Nc3 g6 4. d4 Bg7 5. Bc4 O-O 6. Be3 c6 7. O-O b5 8. Bb3 b4
9. e5 Ng4 10. Ne4 dxe5 11. h3 Nxe3 12. fxe3 exd4 13. exd4 Bf5 14. Nc5 Nd7 15.
Nxd7 Qxd7 16. Ne5 Bxe5 17. dxe5 Qc7 18. Qe1 c5 19. Qg3 e6 20. Bc4 Rad8 21. Rad1
Rxd1 22. Rxd1 Rd8 23. Rd6 f6 24. Rxd8+ Qxd8 25. exf6 Kf7 26. c3 Qxf6 27. Qc7+
Qe7 28. Qa5 Be4 29. cxb4 cxb4 30. Qe5 Bd5 31. Qf4+ Kg7 32. Qe5+ Kh6 33. Bb3 Qg5
34. Qe2 Bxb3 35. axb3 Qc1+ 36. Kh2 Qf4+ 37. Kg1 e5 38. Qc4 a5 39. Qc5 Qd4+ 40.
Qxd4 exd4 41. Kf2 Kg5 42. g3 Kf5 43. g4+ Ke4 44. Ke2 g5 45. Ke1 Kd3 46. Kd1 h6
47. h4 gxh4 48. g5 hxg5 49. Kc1 h3 50. Kb1 h2 51. Ka2 Kc2 0-1

[Event "Chigorin Memorial"]
[Site "St Petersburg RUS"]
[Date "2012.10.28"]
[Round "2.174"]
[White "Pankova, Julia"]
[Black "Grinblat, Artemiy"]
[Result "0-1"]
[WhiteElo "1528"]
[BlackElo "2043"]
[WhiteFideId "34103276"]
[BlackFideId "14135272"]
[EventDate "2012.10.27"]

1. e4 e6 2. d4 d5 3. Nc3 Nf6 4. e5 Nfd7 5. f4 c5 6. Nf3 Nc6 7. Be3 a6 8. Qd2 b5
9. dxc5 Bxc5 10. Bxc5 Nxc5 11. Qf2 Qe7 12. Nd4 Bb7 13. Be2 b4 14. Nxc6 Bxc6 15.
Nd1 O-O 16. Qd4 f6 17. Nf2 fxe5 18. fxe5 Nd7 19. Nd3 a5 20. h4 Bb5 21. g4 Rac8
22. Rc1 Rc4 23. Qe3 Re4 24. Qd2 Nxe5 25. Nxe5 Rxe5 26. Rh2 Bxe2 27. Rxe2 Qxh4+
28. Kd1 Rf1+ 29. Re1 Qxg4+ 0-1

[Event "Chigorin Memorial"]
[Site "St Petersburg RUS"]
[Date "2012.10.29"]
[Round "3.5"]
[White "Rozum, Ivan"]
[Black "Hovhannisyan, Robert"]
[Result "0-1"]
[WhiteTitle "IM"]
[BlackTitle "GM"]
[WhiteElo "2498"]
[BlackElo "2610"]
[WhiteFideId "24104272"]
[BlackFideId "13302507"]
[EventDate "2012.10.27"]

1. d4 d5 2. c4 c6 3. Nf3 Nf6 4. e3 Bg4 5. Qb3 Qb6 6. Nc3 e6 7. Nh4 Bh5 8. h3
Qxb3 9. axb3 Na6 10. g4 Nb4 11. Ke2 g5 12. gxh5 gxh4 13. Kf3 Rg8 14. Bd2 Rg5 15.
Be2 Rxh5 16. Rhg1 Be7 17. Kg2 Rg5+ 18. Kf1 Rxg1+ 19. Kxg1 b6 20. Kg2 Kd7 21. Kf3
a5 22. Rg1 Rg8 23. Rxg8 Nxg8 24. cxd5 exd5 25. Kf4 Nf6 26. Kf5 Ne8 27. Kg4 Ke6
28. Kh5 f5 29. Kh6 Nf6 30. Kg7 Bd6 31. f4 Be7 32. Be1 b5 33. Nd1 Ne4 34. Bh5
Bf6+ 35. Kxh7 c5 36. dxc5 Nxc5 37. Be2 Nxb3 38. Bxb5 Nc2 39. Bf2 Nc5 40. Kg6 Ne4
41. Bg1 Ne1 42. Be2 a4 43. Bb5 Nf3 44. Bf2 Nc5 45. e4 Nxe4 46. Bxa4 Bxb2 47. Be8
Nd6 48. Nxb2 Nxe8 49. Nd3 d4 50. Nc5+ Kd5 51. Kxf5 Kxc5 52. Kg4 Nd2 53. f5 Nf6+
54. Kxh4 Kd5 55. Bxd4 Kxd4 56. Kg5 Ke5 57. h4 Nde4+ 58. Kg6 Ng3 59. h5 Ngxh5 60.
Kf7 Nf4 61. Ke7 N4d5+ 62. Kf7 Kd6 63. Kf8 Nb6 64. Kf7 Nbd7 65. Kg7 Ke7 66. Kg6
Kf8 67. Kh6 Kf7 68. Kg5 Kg7 69. Kf4 Kh6 70. Kg3 Ne5 71. Kf4 Neg4 72. Kg3 Kh5 73.
Kf4 Kh4 74. Kf3 Kg5 75. Ke2 Kf4 76. Kd3 Ne5+ 77. Kd4 Ned7 78. Kd3 Ke5 79. Ke3
Nc5 80. Kf3 Kd4 81. Kf4 Nce4 82. Kf3 Nd6 83. Kf4 Nf7 84. Kf3 Kd3 85. Kf2 Ng5 86.
Ke1 Nge4 87. Kd1 Nf2+ 88. Ke1 Ke3 89. Kf1 Nd3 90. Kg2 Kf4 91. Kg1 Kg3 92. Kf1
Kf3 93. Kg1 Nf4 94. Kf1 Ng2 95. Kg1 Ne3 96. Kh2 Kf2 97. Kh3 Ng2 98. Kh2 Nf4 99.
Kh1 Ng4 0-1

[Event "Chigorin Memorial"]
[Site "St Petersburg RUS"]
[Date "2012.10.29"]
[Round "3.6"]
[White "Demchenko, Anton"]
[Black "Raznikov, Danny"]
[Result "1-0"]
[WhiteTitle "IM"]
[BlackTitle "IM"]
[WhiteElo "2610"]
[BlackElo "2465"]
[WhiteFideId "4160258"]
[BlackFideId "2811154"]
[EventDate "2012.10.27"]

1. e4 c5 2. Nf3 d6 3. d4 cxd4 4. Nxd4 Nf6 5. Nc3 a6 6. h3 e6 7. g4 d5 8. Nde2
Bb4 9. a3 Bxc3+ 10. Nxc3 Nc6 11. exd5 Nxd5 12. Ne4 O-O 13. c4 Nf6 14. Qxd8 Rxd8
15. Nxf6+ gxf6 16. Be3 e5 17. Bb6 Rd6 18. Rd1 Rxd1+ 19. Kxd1 f5 20. Kd2 Bd7 21.
Bd3 e4 22. Be2 fxg4 23. hxg4 Ne5 24. Ke3 Bxg4 25. Rg1 h5 26. Kxe4 Re8 27. Bxg4
Nxg4+ 28. Kf4 Kh7 29. Bd4 Rc8 30. c5 Rd8 31. Bc3 f6 32. f3 Ne5 33. Bxe5 fxe5+
34. Kxe5 Rd2 35. b4 Rd3 36. f4 h4 37. Rg4 h3 38. Kf6 a5 39. b5 Rd5 40. Rh4+ Kg8
41. Rxh3 Rxc5 42. Rg3+ Kf8 43. Rd3 Ke8 44. Re3+ Kf8 45. Re5 Rc3 46. Re7 Rxa3 47.
Rxb7 Ke8 48. Ra7 Kd8 49. f5 Kc8 50. Ke5 Kb8 51. b6 Ra1 52. f6 Re1+ 53. Kf5 Rf1+
54. Kg6 Rg1+ 55. Kh7 Rf1 56. Kg7 Rg1+ 57. Kf8 Rg6 58. Ke7 1-0

[Event "Chigorin Memorial"]
[Site "St Petersburg RUS"]
[Date "2012.10.29"]
[Round "3.7"]
[White "Neverov, Valeriy"]
[Black "Shimanov, Aleksandr"]
[Result "0-1"]
[WhiteTitle "GM"]
[BlackTitle "GM"]
[WhiteElo "2494"]
[BlackElo "2599"]
[WhiteFideId "14100150"]
[BlackFideId "4198603"]
[EventDate "2012.10.27"]

1. d4 Nf6 2. c4 e6 3. Nc3 Bb4 4. Bg5 c5 5. d5 d6 6. e3 exd5 7. cxd5 Nbd7 8. Bb5
Bxc3+ 9. bxc3 Qa5 10. Bxd7+ Nxd7 11. Ne2 Ne5 12. O-O f6 13. Bf4 O-O 14. Bxe5
fxe5 15. Ng3 b5 16. Qc2 Bd7 17. f4 exf4 18. Rxf4 Rxf4 19. exf4 Re8 20. Rf1 Qd8
21. Qc1 Qe7 22. Qa3 Bc8 23. Qa5 Qb7 24. a4 b4 25. cxb4 Qxb4 26. Qxb4 cxb4 27. a5
Ba6 28. Rb1 Rb8 29. Rb2 Kf8 30. Nf5 Bc4 31. Ne3 Bd3 32. Kf2 Rb5 33. Kf3 Ke7 34.
g4 b3 35. Kf2 Be4 36. Ke2 a6 37. Kd2 Bxd5 38. Nxd5+ Rxd5+ 39. Kc3 Rxa5 40. Re2+
Kf7 41. Kxb3 Rc5 42. Re4 a5 43. Kb2 d5 44. Re5 Rc4 45. Rf5+ Ke6 46. Re5+ Kd6 47.
Rf5 Re4 48. h4 Rb4+ 49. Kc2 Rb7 50. Rf8 a4 51. Ra8 Rb4 52. Ra7 a3 53. Rxg7 a2
54. Ra7 Rxf4 55. Kb2 Rxg4 56. Rxh7 Rg2+ 57. Ka1 d4 58. Rh8 Ke7 59. Rh7+ Ke6 60.
Rh6+ Ke5 0-1

[Event "Chigorin Memorial"]
[Site "St Petersburg RUS"]
[Date "2012.10.29"]
[Round "3.9"]
[White "Demuth, Adrien"]
[Black "Durarbayli, Vasif"]
[Result "1/2-1/2"]
[WhiteTitle "IM"]
[BlackTitle "GM"]
[WhiteElo "2479"]
[BlackElo "2584"]
[WhiteFideId "642274"]
[BlackFideId "13402935"]
[EventDate "2012.10.27"]

1. d4 Nf6 2. c4 e6 3. Nf3 b6 4. Nc3 Bb7 5. a3 d5 6. cxd5 exd5 7. Qa4+ c6 8. Bg5
Be7 9. e3 O-O 10. Bd3 h6 11. Bf4 Nbd7 12. O-O a5 13. Qc2 b5 14. Rfe1 Rc8 15. Ne5
Nxe5 16. Bxe5 Qb6 17. Bf5 Rcd8 18. Rac1 Rfe8 19. a4 b4 20. Nb1 b3 21. Qd1 g6 22.
Bd3 Nd7 23. Bf4 h5 24. Nd2 Bb4 25. Re2 c5 26. dxc5 Nxc5 27. Bb5 Ba6 28. Nxb3
Bxb5 29. axb5 Nxb3 30. Qxb3 Qxb5 31. Rec2 a4 32. Qa2 Bf8 33. Bg5 Rd6 34. Rc8
Rxc8 35. Rxc8 Rc6 36. Rxc6 Qxc6 37. Qb1 Qb6 38. Qc2 Qb4 39. g3 Bg7 40. Qc8+ Kh7
41. Qd7 Bxb2 42. Qxf7+ Bg7 43. Qa7 Qb1+ 44. Kg2 Qe4+ 45. Kg1 Qb1+ 46. Kg2 Qe4+
47. Kg1 Qe5 48. Be7 Kg8 49. Qa8+ Kh7 50. Qa7 d4 51. exd4 Qxd4 52. Bc5 Qd1+ 53.
Kg2 Qd5+ 54. Kg1 Kg8 55. Qb8+ Kf7 56. Qa7+ Kg8 57. Qb8+ Kh7 58. Qa7 Qf5 59. h4
Kg8 60. Qa8+ Kf7 61. Qa7+ Kg8 62. Qa8+ Kh7 63. Qa7 1/2-1/2

[Event "Chigorin Memorial"]
[Site "St Petersburg RUS"]
[Date "2012.10.29"]
[Round "3.10"]
[White "Zhigalko, Andrey"]
[Black "Pakhomov, Egor"]
[Result "1-0"]
[WhiteTitle "GM"]
[BlackTitle "IM"]
[WhiteElo "2582"]
[BlackElo "2458"]
[WhiteFideId "13502247"]
[BlackFideId "24129542"]
[EventDate "2012.10.27"]

1. c4 e6 2. Nc3 d5 3. d4 c6 4. e4 dxe4 5. Nxe4 Bb4+ 6. Bd2 Qxd4 7. Bxb4 Qxe4+ 8.
Be2 Na6 9. Ba5 Bd7 10. Nf3 Nf6 11. Qd6 Qf5 12. Ne5 Qxf2+ 13. Kxf2 Ne4+ 14. Ke3
Nxd6 15. Rad1 Ke7 16. Rxd6 Kxd6 17. Nxf7+ Ke7 18. Nxh8 Rxh8 19. Bc3 c5 20. Bf3
Bc6 21. Bxc6 bxc6 22. Rd1 Nb4 23. Be5 Nc2+ 24. Ke4 Nd4 25. b4 Rd8 26. g4 Ne2 27.
Re1 Rd2 28. bxc5 Rxa2 1-0

[Event "Chigorin Memorial"]
[Site "St Petersburg RUS"]
[Date "2012.10.29"]
[Round "3.11"]
[White "Popilski, Gil"]
[Black "Grigoriants, Sergey"]
[Result "1-0"]
[WhiteTitle "IM"]
[BlackTitle "GM"]
[WhiteElo "2475"]
[BlackElo "2578"]
[WhiteFideId "2809060"]
[BlackFideId "4130804"]
[EventDate "2012.10.27"]

1. e4 c6 2. d4 d5 3. f3 e6 4. Nc3 b5 5. Bd3 b4 6. Na4 Nd7 7. Ne2 Qa5 8. b3 Nb6
9. Nc5 e5 10. a3 exd4 11. Bd2 Qxc5 12. Bxb4 Qxb4+ 13. axb4 Bxb4+ 14. Kf2 Ne7 15.
Nxd4 O-O 16. Qc1 Bc3 17. Ne2 Bxa1 18. Qxa1 c5 19. Qa3 Nd7 20. exd5 Nxd5 21. Be4
N7f6 22. Bxd5 Nxd5 23. Qxc5 Bb7 24. c4 Rfc8 25. Qa3 Nb6 26. Rd1 Bc6 27. Rd6 Be8
28. Nd4 1-0

[Event "Chigorin Memorial"]
[Site "St Petersburg RUS"]
[Date "2012.10.29"]
[Round "3.14"]
[White "Grigoryan, Avetik"]
[Black "Can, Emre"]
[Result "1-0"]
[WhiteTitle "GM"]
[BlackTitle "GM"]
[WhiteElo "2572"]
[BlackElo "2449"]
[WhiteFideId "13302191"]
[BlackFideId "6302181"]
[EventDate "2012.10.27"]

1. d4 g6 2. c4 Bg7 3. Nc3 Nf6 4. e4 d6 5. f3 c6 6. Be3 a6 7. Qd2 b5 8. O-O-O Qa5
9. Kb1 Nbd7 10. g4 Rb8 11. h4 h5 12. g5 Nh7 13. Qc2 Nhf8 14. f4 Nb6 15. f5 Nxc4
16. Bxc4 bxc4 17. Rf1 Nd7 18. fxg6 fxg6 19. e5 Nf8 20. Nge2 dxe5 21. Rxf8+ Rxf8
22. Qxg6+ Kd8 23. Qxg7 Rf3 24. Bc1 Rxc3 25. Qf8+ Kd7 26. Nxc3 Qxc3 27. Qf5+ Kd8
28. Qf8+ Kd7 29. Rd1 e4 30. Qf5+ Kd8 31. Qf8+ Kd7 32. g6 e3 33. Qf5+ Kd8 34.
Qf8+ Kd7 35. g7 e2 36. Qf5+ e6 37. Qf7+ Kd6 38. Bf4+ 1-0

[Event "Chigorin Memorial"]
[Site "St Petersburg RUS"]
[Date "2012.10.29"]
[Round "3.15"]
[White "Hayrapetyan, Hovik"]
[Black "Shomoev, Anton"]
[Result "1-0"]
[WhiteTitle "IM"]
[BlackTitle "GM"]
[WhiteElo "2450"]
[BlackElo "2571"]
[WhiteFideId "13302639"]
[BlackFideId "4135148"]
[EventDate "2012.10.27"]

1. d4 Nf6 2. Nf3 e6 3. c4 c5 4. d5 d6 5. Nc3 exd5 6. cxd5 g6 7. h3 a6 8. a4 Bg7
9. e4 Nbd7 10. Bd3 Nh5 11. Be2 O-O 12. O-O Re8 13. Re1 Rb8 14. Be3 Bf6 15. Nh2
Ng7 16. Ng4 Bg5 17. Qd2 Bxe3 18. Qxe3 Nf6 19. Qg5 Bxg4 20. Bxg4 h5 21. Bf3 Re5
22. Qd2 Qe7 23. a5 b5 24. axb6 Rxb6 25. g3 g5 26. Bg2 g4 27. h4 Nge8 28. Ne2 Ng7
29. Nf4 Qb7 30. Nd3 Nd7 31. Nxe5 Nxe5 32. Ra2 f6 33. Rea1 Kh7 34. Qe2 c4 35. Qc2
Ne8 36. Bf1 Rb4 37. Rxa6 Nf3+ 38. Kh1 Rxb2 39. Ra7 Rxc2 40. Rxb7+ Kg6 41. Re7
Rxf2 42. Bg2 c3 43. Bxf3 gxf3 44. Rxe8 c2 45. Rg8+ Kf7 46. Rga8 f5 47. exf5 Kf6
48. Rf8+ Ke5 49. Re1+ Kxd5 50. Ra8 Rg2 51. Raa1 Rxg3 52. Rac1 f2 53. Rf1 Ke4 54.
Rxf2 1-0

[Event "Chigorin Memorial"]
[Site "St Petersburg RUS"]
[Date "2012.10.29"]
[Round "3.16"]
[White "Malakhatko, Vadim"]
[Black "Atabayev, Maksat"]
[Result "1-0"]
[WhiteTitle "GM"]
[BlackTitle "FM"]
[WhiteElo "2558"]
[BlackElo "2446"]
[WhiteFideId "14104202"]
[BlackFideId "14001101"]
[EventDate "2012.10.27"]

1. c4 Nf6 2. g3 g6 3. Bg2 Bg7 4. Nc3 O-O 5. d4 d6 6. Nf3 Nc6 7. O-O a6 8. Bf4
Rb8 9. Rc1 Bd7 10. Qd2 b5 11. Nd5 Nh5 12. Bh6 e6 13. Bxg7 Kxg7 14. Ne3 f5 15. d5
Ne5 16. dxe6 Bxe6 17. Nd4 Bd7 18. cxb5 axb5 19. f4 Ng4 20. Nxg4 fxg4 21. Nc6
Bxc6 22. Rxc6 Nf6 23. Qd4 Kg8 24. Rfc1 Rf7 25. e4 Ra8 26. e5 dxe5 27. Qxd8+ Rxd8
28. fxe5 Ne8 29. R6c5 Rfd7 30. Rxb5 Ng7 31. Bf1 Nf5 32. Rbc5 Rd2 33. R5c2 Rxc2
34. Rxc2 Rd1 35. Rc3 Kf7 36. a4 Ra1 37. Ra3 Rxa3 38. bxa3 Ke6 39. a5 Nd4 40. a6
Nc6 41. Kf2 Kxe5 42. Bg2 Na7 43. Ke3 g5 44. Kd3 h6 45. Kc4 Kd6 46. Be4 h5 47.
Bg6 h4 48. Be4 Ke5 49. Bg2 Kd6 50. Bb7 c6 51. a4 Kd7 52. Kc5 Kc7 53. Ba8 Kd7 54.
Kb6 Nc8+ 55. Kb7 c5 56. a7 c4 57. Ka6 Kd6 58. Be4 Nxa7 59. Kxa7 Ke5 60. Bg6 Kd4
61. a5 Ke3 62. a6 Kf2 63. Kb6 Kg1 64. a7 Kxh2 65. a8=Q 1-0

[Event "Chigorin Memorial"]
[Site "St Petersburg RUS"]
[Date "2012.10.29"]
[Round "3.18"]
[White "Chekhov, Sergei"]
[Black "Jumabayev, Rinat"]
[Result "1/2-1/2"]
[WhiteTitle "FM"]
[BlackTitle "GM"]
[WhiteElo "2443"]
[BlackElo "2545"]
[WhiteFideId "4195639"]
[BlackFideId "13702661"]
[EventDate "2012.10.27"]

1. e4 e5 2. f4 exf4 3. Bc4 h6 4. Nc3 Nc6 5. d4 g5 6. h4 Bb4 7. a3 Bxc3+ 8. bxc3
Nf6 9. Qe2 d6 10. hxg5 Bg4 11. Qf2 Nxe4 12. Qxf4 f5 13. gxf6 Nxf6 14. Rxh6 Qe7+
15. Qe3 Rxh6 16. Qxe7+ Kxe7 17. Bxh6 Ne4 18. Bd3 Kd7 19. Rb1 Re8 20. Bxe4 Rxe4+
21. Kf2 Na5 22. Kg3 b6 23. Rf1 Be6 24. Nf3 Rg4+ 25. Kf2 Bf5 26. Ne1 Nc4 27. Bc1
c5 28. dxc5 bxc5 29. Rh1 Be4 30. Rh8 a5 31. g3 Kc6 32. Rh4 Rxh4 33. gxh4 Kb5 34.
Kg3 Ka4 35. Kf4 Bh7 36. h5 Nxa3 37. h6 Nxc2 38. Nf3 Kb3 39. Ng5 Bg6 40. Nf7 d5
41. Kg5 Bh7 42. Kf6 a4 43. Ng5 Ne3 44. Bxe3 a3 45. Bxc5 a2 46. Nxh7 a1=Q 47. Bd4
Qh1 48. Kg7 Qh5 49. Bf6 Qg4+ 50. Ng5 Qd7+ 51. Nf7 Qg4+ 52. Bg5 Qg3 53. h7 Qxc3+
54. Bf6 Qg3+ 55. Bg5 Qc3+ 56. Kg8 Qc8+ 57. Bd8 Qg4+ 58. Kf8 Qh5 59. h8=Q Qxh8+
60. Nxh8 d4 61. Ng6 d3 62. Ba5 Kc2 63. Ne5 d2 64. Nc4 d1=Q 65. Ne3+ Kc1 66. Nxd1
Kxd1 1/2-1/2

[Event "Chigorin Memorial"]
[Site "St Petersburg RUS"]
[Date "2012.10.29"]
[Round "3.21"]
[White "Goganov, Aleksey"]
[Black "Airapetian, Gor"]
[Result "1/2-1/2"]
[WhiteTitle "IM"]
[BlackTitle "IM"]
[WhiteElo "2526"]
[BlackElo "2435"]
[WhiteFideId "24109959"]
[BlackFideId "4177916"]
[EventDate "2012.10.27"]

1. d4 Nf6 2. c4 e6 3. Nf3 d5 4. Nc3 Be7 5. Qc2 O-O 6. Bg5 h6 7. Bxf6 Bxf6 8.
O-O-O Nc6 9. e4 dxc4 10. e5 Bg5+ 11. Kb1 Nb4 12. Qe4 Rb8 13. Bxc4 b5 14. Nxg5
Qxg5 15. h4 Qe7 16. Bxb5 Bb7 17. Qe2 Nd5 18. Nxd5 Bxd5 19. Bc4 Rfd8 20. Bxd5
Rxd5 21. g3 Rbd8 22. Qc2 R8d7 23. a3 Qd8 24. Qc6 Rxd4 25. Rxd4 Rxd4 26. Rc1 Rd1
27. Rxd1 Qxd1+ 28. Ka2 Qd8 29. h5 Kh7 30. Qe4+ Kg8 31. f4 Qd1 32. a4 Qg1 33.
Qa8+ Kh7 34. Qe4+ Kg8 35. Qd3 Qc5 36. Qd8+ Kh7 37. Qd3+ Kg8 38. Qb5 Qd4 39. a5
Kh7 40. Qc6 Kg8 41. Ka3 Qd3+ 42. Qc3 Qd7 43. Qc5 c6 44. b4 Qd2 45. a6 Qd7 46. g4
f6 47. exf6 gxf6 48. g5 1/2-1/2